Nursing Foundation-I Textbook (N-NF(I) 125) - I Semester (B.Sc. Nursing) (Record no. 366357)

MARC details
000 -LEADER
fixed length control field 00933nam a22001937a 4500
005 - DATE AND TIME OF LATEST TRANSACTION
control field 20250514142527.0
008 - FIXED-LENGTH DATA ELEMENTS--GENERAL INFORMATION
fixed length control field 250514b |||||||| |||| 00| 0 eng d
020 ## - INTERNATIONAL STANDARD BOOK NUMBER
International Standard Book Number 9789395361392
041 ## - LANGUAGE CODE
Language code of text/sound track or separate title Eng.
082 ## - DEWEY DECIMAL CLASSIFICATION NUMBER
Classification number 61.73/VAS
100 ## - MAIN ENTRY--PERSONAL NAME
Author Vashist Suman
245 ## - TITLE STATEMENT
Title Nursing Foundation-I Textbook (N-NF(I) 125) - I Semester (B.Sc. Nursing)
300 ## - PHYSICAL DESCRIPTION
Extent 335 P.
365 ## - TRADE PRICE
Price type code Rs
Price amount 380
Currency code Rs
440 ## - SERIES STATEMENT/ADDED ENTRY--TITLE
Title Nursing Foundation-I Textbook (N-NF(I) 125) - I Semester (B.Sc. Nursing)
500 ## - GENERAL NOTE
Keywords Book is written as per the new revised INC syllabus for B.Sc. Nursing students.<br/>All chapters are written in simple and lucid language and organized in logical order to facilitate easy comprehension.<br/>For self evaluation each chapter comprises different types of questions.<br/>All the contents of the book have been reviewed by eminent medical and nursing professionals.
650 ## - SUBJECT ADDED ENTRY--TOPICAL TERM
Topical term or geographic name entry element Nursing Foundation
942 ## - ADDED ENTRY ELEMENTS (KOHA)
Koha item type Donated Book
Holdings
Withdrawn status Lost status Source of classification or shelving scheme Damaged status Not for loan Home library Current library Date acquired Vendor Net Price Total Checkouts Full call number Barcode Date last seen Date last checked out Actual Price Bill Date Koha item type
    Dewey Decimal Classification     Sitabai Nargundkar College of Nursing Nagpur Sitabai Nargundkar College of Nursing Nagpur 27/06/2025 Donated by Takshasheela Giridhar MEshram 380.00 2 61.73/VAS SNCN-DB-316 06/12/2025 25/11/2025 380.00 26/06/2025 Donated Book